Perspectivas de mejoramiento e integración de los sistemas de salud en Centroamérica /
El documento presenta un análisis de los sistemas de salud de América Central, los aspectos económicos, demográficos y la situación social y de desarrollo humano relativo al tema.
में बचाया:
| मुख्य लेखक: | |
|---|---|
| स्वरूप: | मूलपाठ |
| भाषा: | Spanish |
| प्रकाशित: |
San José:
Fundación Ebert Stiftung
1993
|
| विषय: | |
| टैग: |
टैग जोड़ें
कोई टैग नहीं, इस रिकॉर्ड को टैग करने वाले पहले व्यक्ति बनें!
|
MARC
| LEADER | 00000 a a2200000 04500 | ||
|---|---|---|---|
| 001 | 36240 | ||
| 003 | cru CIDCACS/IIS | ||
| 005 | 20230522131015.0 | ||
| 008 | 230522e1993 cr ||||| |||| 00| 0 spa d | ||
| 020 | |a 9977-961-17 | ||
| 040 | |c CRAI/IIS | ||
| 090 | |a 02.05.02 V297p | ||
| 100 | |a Vargas Fuentes, Mauricio | ||
| 245 | |a Perspectivas de mejoramiento e integración de los sistemas de salud en Centroamérica / |c Mauricio Vargas Fuentes | ||
| 260 | |a San José: |b Fundación Ebert Stiftung |c 1993 | ||
| 300 | |a 69 páginas | ||
| 520 | |a El documento presenta un análisis de los sistemas de salud de América Central, los aspectos económicos, demográficos y la situación social y de desarrollo humano relativo al tema. | ||
| 650 | |a SALUD | ||
| 650 | |a SALUD PUBLICA | ||
| 650 | |a AMERICA LATINA | ||
| 942 | |2 ddc |c LI |h 02.05.02 V297p |i 02050 |6 020502_V297P_02050 | ||
| 999 | |c 16730 |d 16730 | ||
